000
00330nam a2200121Ia 4500
003
GCL
008
140319s9999 xx 000 0 ara d
040
_a
GCL /
_c
GCL
082
0
4
_a
811.5
_b
م ش
245
1
0
_a
شرح اللزوميات
260
_a
[S.N] :
_b
الهيئة المصرية العامة للكتاب ،
_c
1992
490
_a
999
_c
29724
_d
29724